Hella Jongerius / (Record no. 352964)
[ view plain ]
| 000 -LEADER | |
|---|---|
| fixed length control field | 00942 a2200289 4500 |
| 003 - CONTROL NUMBER IDENTIFIER | |
| control field | OSt |
| 005 - DATE AND TIME OF LATEST TRANSACTION | |
| control field | 20180116192352.0 |
| 008 - FIXED-LENGTH DATA ELEMENTS--GENERAL INFORMATION | |
| fixed length control field | 120601t xxu||||| |||| 00| 0 eng d |
| 010 ## - LIBRARY OF CONGRESS CONTROL NUMBER | |
| LC control number | 2004272948 |
| 020 ## - INTERNATIONAL STANDARD BOOK NUMBER | |
| International Standard Book Number | 0714843059 |
| 020 ## - INTERNATIONAL STANDARD BOOK NUMBER | |
| International Standard Book Number | 9780714843056 |
| 035 ## - SYSTEM CONTROL NUMBER | |
| System control number | (CStRLIN)MOSA04-B240 |
| 040 ## - CATALOGING SOURCE | |
| Transcribing agency | 0 |
| 082 ## - DEWEY DECIMAL CLASSIFICATION NUMBER | |
| Classification number | 745.4092 |
| 100 1# - MAIN ENTRY--PERSONAL NAME | |
| Personal name | Schouwenberg, Louise. |
| 9 (RLIN) | 3729 |
| 245 10 - TITLE STATEMENT | |
| Title | Hella Jongerius / |
| Statement of responsibility, etc. | [author, Louise Schouwenberg]. |
| 260 ## - PUBLICATION, DISTRIBUTION, ETC. | |
| Place of publication, distribution, etc. | London ; |
| -- | New York, NY : |
| Name of publisher, distributor, etc. | Phaidon, |
| Date of publication, distribution, etc. | 2003. |
| 300 ## - PHYSICAL DESCRIPTION | |
| Extent | [148] p. : |
| Other physical details | ill. (some col.) ; |
| Dimensions | 25 cm. |
| 500 ## - GENERAL NOTE | |
| General note | Cover title. |
| 600 10 - SUBJECT ADDED ENTRY--PERSONAL NAME | |
| Personal name | Jongerius, Hella |
| General subdivision | Themes, motives. |
| 9 (RLIN) | 3730 |
| 600 10 - SUBJECT ADDED ENTRY--PERSONAL NAME | |
| Personal name | Jongerius, Hella |
| 9 (RLIN) | 3731 |
| 650 10 - SUBJECT ADDED ENTRY--TOPICAL TERM | |
| Topical term or geographic name entry element | Design |
| Geographic subdivision | Netherlands |
| General subdivision | History |
| Chronological subdivision | 20th century. |
| 9 (RLIN) | 3732 |
| 650 10 - SUBJECT ADDED ENTRY--TOPICAL TERM | |
| Topical term or geographic name entry element | Designers |
| Geographic subdivision | Netherlands |
| 9 (RLIN) | 3733 |
| 700 1# - ADDED ENTRY--PERSONAL NAME | |
| Personal name | Jongerius, Hella. |
| 9 (RLIN) | 3734 |
| 942 ## - ADDED ENTRY ELEMENTS (KOHA) | |
| Institution code [OBSOLETE] | SADA |
| Koha item type | Book |
| Call number prefix | 745.4092 SCH 2003 |
| Source of classification or shelving scheme | |
| Withdrawn status | Lost status | Source of classification or shelving scheme | Damaged status | Not for loan | Permanent Location | Current Location | Date acquired | Total Checkouts | Full call number | Barcode | Date last seen | Cost, replacement price | Price effective from | Koha item type |
|---|---|---|---|---|---|---|---|---|---|---|---|---|---|---|
| School of Art Design and Architecture (SADA) | School of Art Design and Architecture (SADA) | 05/20/2011 | 745.4092 SCH 2003 | SADA0001067 | 08/05/2011 | 2727.00 | 08/05/2011 | Book |
